[Event "Ch Greece (juniors) (under 12)"]
[Site "masterchessopen.com Eretria (Greece)"]
[Date "2011.06.26"]
[Round "3"]
[White "Ioannidis Evgenios (GRE)"]
[Black "Drakoulakos Grigorios (GRE)"]
[Result "1-0"]
[WhiteElo "1844"]
[BlackElo "1704"]

1.d4 Nf6 2.c4 e6 3.Nc3 Bb4 4.a3 Bxc3+ 5.bxc3 c5 6.f3 d5 7.cxd5 Nxd5 8.Qc2 cxd4
9.cxd4 Nc6 10.e3 O-O 11.Bd3 g6 12.Ne2 f5 13.O-O Qf6 14.Qb2 Nc7 15.Bd2 Rd8
16.Bc4 b5 17.Bb3 a5 18.Rac1 Rd6 19.e4 Nxd4 20.Nxd4 Qxd4+ 21.Qxd4 Rxd4 22.Rxc7
Rxd2 23.Rxc8+ Rxc8 24.Bxe6+ Kg7 25.Bxc8 fxe4 26.fxe4 Re2 27.Bb7 Re3 28.Rf3 Re2
29.Bd5 a4 30.h4 h5 31.Kh2 Rb2 32.Rf7+ Kh6 33.Rb7 {#r} 1-0

[Event "Ch Switzerland (open)"]
[Site "masterchessopen.com Leukerbad (Switzerland)"]
[Date "2011.07.13"]
[Round "7"]
[White "Cebalo Miso (CRO)"]
[Black "Carron Julien (SUI)"]
[Result "0-1"]
[WhiteElo "2478"]
[BlackElo "2374"]

1.c4 Nf6 2.Nc3 e6 3.d4 Bb4 4.a3 Bxc3+ 5.bxc3 c5 6.f3 d5 7.cxd5 Nxd5 8.dxc5 f5
9.Nh3 O-O 10.Nf4 Nc6 11.e3 Nxf4 12.exf4 Qa5 13.Be3 g5 14.g3 Qxc3+ 15.Kf2 gxf4
16.gxf4 Rd8 17.Qc1 Qf6 18.Rg1+ Kf7 19.Rg3 Ne7 20.Rb1 Bd7 21.Rxb7 Bc6 22.Rb1
Rg8 23.Qe1 Qh6 24.Rh3 Qg6 25.Qc3 Nd5 26.Qe5 Qg1+ 27.Ke2 Rg2+ 28.Ke1 Qxe3+
29.Qxe3 Nxe3 30.Bxg2 Nxg2+ 31.Kf2 Nxf4 32.Rxh7+ Kf6 33.Rc7 Bd5 34.Ke3 Ke5
35.Rh7 Bc6 36.Kd2 Nd5 37.f4+ Kd4 {#R} 0-1

[Event "It (open)"]
[Site "masterchessopen.com Rennes (France)"]
[Date "2011.07.17"]
[Round "2"]
[White "Bouget Alexandre (FRA)"]
[Black "Siclet Mathieu (FRA)"]
[Result "1-0"]
[WhiteElo "2170"]
[BlackElo "1917"]

1.d4 Nf6 2.c4 e6 3.Nc3 Bb4 4.a3 Bxc3+ 5.bxc3 c5 6.f3 d5 7.cxd5 Nxd5 8.dxc5
Qh4+ 9.g3 Qc4 10.Qd4 Qxc3+ 11.Qxc3 Nxc3 12.Bb2 Na4 13.Bxg7 Rg8 14.Bd4 Nc6
15.Bf2 Na5 16.e4 Bd7 17.Rd1 Bc6 18.Ne2 e5 19.Nc1 Nb2 20.Rd2 Nbc4 21.Bxc4 Nxc4
22.Rd3 f5 23.Rc3 Na5 24.exf5 O-O-O 25.O-O e4 26.fxe4 Bxe4 27.Be3 h5 28.f6 Nc6
29.f7 Rh8 30.Bf4 Nd4 31.Be5 Ne6 32.Bxh8 Ng5 33.g4 {#r} 1-0

[Event "It (open)"]
[Site "masterchessopen.com Porto San Giorgio (Italy)"]
[Date "2011.08.25"]
[Round "6"]
[White "Teutsch Alexander"]
[Black "Bellincampi Stefano (ITA)"]
[Result "1-0"]
[WhiteElo "1896"]
[BlackElo "2067"]

1.d4 Nf6 2.c4 e6 3.Nc3 Bb4 4.f3 d5 5.a3 Bxc3+ 6.bxc3 c5 7.cxd5 exd5 8.e3 O-O
9.Ne2 b6 10.g4 Ba6 11.Bg2 Re8 12.O-O Nc6 13.Re1 Rc8 14.Ng3 h6 15.Ra2 Rc7
16.Rf2 Rd7 17.f4 Ne7 18.g5 hxg5 19.fxg5 Nh7 20.Qg4 Rf8 21.h4 Bd3 22.Rd1 c4
23.e4 dxe4 24.Bxe4 Bxe4 25.Nxe4 Nd5 26.Rdf1 Re7 27.Nf6+ Kh8 28.Nxh7 Kxh7
29.Qh5+ Kg8 30.g6 {#r} 1-0

[Event "Tournament (open)"]
[Site "masterchessopen.com Sao Paulo (Brazil)"]
[Round "5"]
[White "Abdalla Luiz Guilherme Aurelli (BRA)"]
[Black "Guimaraes Artemis Pamela"]
[Result "1-0"]
[WhiteElo "2241"]
[BlackElo "2016"]

1.d4 Nf6 2.c4 e6 3.Nc3 Bb4 4.f3 d5 5.a3 Bxc3+ 6.bxc3 c5 7.cxd5 Nxd5 8.dxc5 f5
9.c4 Qf6 10.Bd2 Nc3 11.Qc1 Na4 12.Nh3 O-O 13.g3 e5 14.Bg2 Nxc5 15.Rb1 f4
16.Bc3 Qg6 17.Nf2 fxg3 18.hxg3 Qxg3 19.Kf1 Nc6 20.Bh3 Ne4 21.Be1 Nxf2 22.Bxc8
Raxc8 23.Bxf2 Qg6 24.Rxb7 Rf7 25.Rxf7 Qxf7 26.Rh4 Ne7 27.c5 Nf5 28.Rg4 h5
29.Re4 Qe6 30.Qc4 Qxc4 31.Rxc4 Rc6 32.e4 Nd4 33.Bxd4 exd4 34.Ke2 Kf7 35.Kd3 g5
36.Kxd4 Ke6 37.Ra4 a6 38.Rb4 Rc8 39.Rb6+ Kf7 40.c6 h4 41.Rb7+ Ke6 42.Kc5 Rh8
43.Rb2 Rc8 44.Rg2 {#r} 1-0

[Event "Ch Finland (team) 2011/12 (1 Division)"]
[Site "masterchessopen.com Finland"]
[Date "2011.10.15"]
[Round "2"]
[White "Aaltio Erkki (FIN)"]
[Black "Peltomaa Jukka (FIN)"]
[Result "1-0"]
[WhiteElo "2133"]
[BlackElo "1951"]

1.d4 Nf6 2.c4 e6 3.Nc3 Bb4 4.f3 d5 5.a3 Bxc3+ 6.bxc3 c5 7.cxd5 Nxd5 8.dxc5 Qa5
9.e4 Ne7 10.Be3 Nd7 11.Qb3 Qc7 12.Qc4 O-O 13.Nh3 e5 14.Nf2 Nf6 15.Be2 Be6
16.Qb5 Nc6 17.O-O Na5 18.Rab1 Rfd8 19.g3 Nd7 20.Rfd1 Rac8 21.f4 f6 22.Rd6 a6
23.Qb4 Bf7 24.Rbd1 Nc6 25.Qa4 Ndb8 26.Bg4 Rxd6 27.cxd6 Qd8 28.d7 {#r} 1-0

[Event "Tournament (open)"]
[Site "masterchessopen.com Santa Eulalia de Roncana (Spain)"]
[Date "2011.10.15"]
[Round "3"]
[White "Soler Colomer Valenti"]
[Black "Ortega Serra Marc (ESP)"]
[Result "0-1"]
[WhiteElo "2013"]
[BlackElo "2234"]

1.d4 Nf6 2.c4 e6 3.Nc3 Bb4 4.f3 d5 5.a3 Bxc3+ 6.bxc3 c5 7.cxd5 exd5 8.e3 Qc7
9.Ne2 O-O 10.g4 Re8 11.Bg2 cxd4 12.cxd4 Nc6 13.O-O h6 14.Ng3 Na5 15.Ra2 Bd7
16.a4 Rac8 17.Nf5 Qc4 18.Ra3 Bxf5 19.gxf5 Qc2 20.Bd2 Qxd1 21.Rxd1 Nc4 22.Rb3
b6 23.Kf2 Nd6 24.Rb2 Rc4 25.a5 bxa5 26.Ra2 Nxf5 27.Bf1 Rc7 28.Bh3 Nd6 29.Bxa5
Rb7 30.Bf1 Nf5 31.Bd2 Rb3 32.Re1 Re7 33.Bh3 Nd6 34.Bf1 g5 35.Be2 g4 36.Rg1 Kh8
37.Bd1 Rb1 38.Ra6 gxf3 39.Kxf3 Nfe4 40.Ba5 Rb2 41.Be2 Re6 42.Bd8 Nd2+ 43.Kf4
Re4+ 44.Kg3 Rxe3+ 45.Kf2 Re6 {#R} 0-1

[Event "It (active)"]
[Site "masterchessopen.com Fredrikstad (Norway)"]
[Date "2012.01.07"]
[Round "1"]
[White "Harstad Christian (NOR)"]
[Black "Urkedal Frode (NOR)"]
[Result "0-1"]
[WhiteElo "1910"]
[BlackElo "2453"]

1.d4 Nf6 2.c4 e6 3.Nc3 Bb4 4.f3 d5 5.a3 Bxc3+ 6.bxc3 c5 7.cxd5 exd5 8.e3 c4
9.Ne2 Nc6 10.Ng3 h5 11.a4 h4 12.Ne2 O-O 13.g4 hxg3 14.hxg3 Re8 15.Kf2 Na5
16.Nf4 Nb3 17.Ra2 Qe7 18.Qc2 g6 19.Bd2 Bf5 20.Qd1 Kg7 21.Bg2 Rh8 22.Rxh8 Rxh8
23.Qe2 g5 24.Nxd5 Nxd5 25.e4 Re8 26.Qxc4 Nxd2 27.Rxd2 Nb6 28.Qb5 Bd7 29.Qd3
Bxa4 30.c4 Qb4 31.Bf1 Nxc4 32.Re2 Bb5 33.Re1 a6 34.d5 Qc5+ 35.Kg2 Ne5 36.Qd2
Qg1+ 37.Kxg1 Nxf3+ 38.Kg2 Nxd2 39.Bxb5 axb5 40.d6 Nc4 41.e5 Rxe5 {#R} 0-1

[Event "Czech League 2011/12 (2nd) (b)"]
[Site "masterchessopen.com Czech Republic"]
[Date "2012.01.08"]
[Round "5"]
[White "Krajic Karel (CZE)"]
[Black "Misicko Jan (CZE)"]
[Result "0-1"]
[WhiteElo "2072"]
[BlackElo "2058"]

1.d4 Nf6 2.c4 e6 3.Nc3 Bb4 4.f3 d5 5.a3 Bxc3+ 6.bxc3 c5 7.cxd5 exd5 8.Bg5 O-O
9.e3 Re8 10.Bd3 h6 11.Bxf6 Qxf6 12.Kf2 Nc6 13.Ne2 Bf5 14.Ng3 Bxd3 15.Qxd3 cxd4
16.cxd4 Rac8 17.Rac1 Qe6 18.Rc3 Na5 19.Rhc1 Rxc3 20.Rxc3 Nc4 21.e4 b5 22.e5 f6
23.f4 fxe5 24.fxe5 Rf8+ 25.Kg1 Rf4 26.Ne2 Re4 27.h3 Qb6 28.Kh2 Qa5 29.Qf3 Rxe2
30.Qxd5+ Kh7 31.Rxc4 Qd2 {#R} 0-1

[Event "It (active)"]
[Site "masterchessopen.com Fredrikstad (Norway)"]
[Date "2012.01.08"]
[Round "7"]
[White "Haugli Petter (NOR)"]
[Black "Hammer Jon Ludvig (NOR)"]
[Result "0-1"]
[WhiteElo "2281"]
[BlackElo "2621"]

1.d4 Nf6 2.c4 e6 3.Nc3 Bb4 4.f3 d5 5.a3 Bxc3+ 6.bxc3 c5 7.cxd5 exd5 8.e3 c4
9.Ne2 Nc6 10.Nf4 O-O 11.g4 Na5 12.Rb1 b6 13.h4 Bb7 14.g5 Ne8 15.Bh3 Nc7 16.Kf2
Bc8 17.Qc2 Bxh3 18.Rxh3 f5 19.a4 Qd7 20.Ba3 Rfe8 21.Rg3 Rad8 22.Rb2 Nb3 23.Ra2
a5 24.Qb1 b5 25.g6 h6 26.Rg5 b4 27.cxb4 axb4 28.Bxb4 Rb8 29.Rxf5 Rxb4 30.Rf7
Re7 31.Rxe7 Qxe7 32.Qf5 Qxh4+ 33.Kg2 Qg5+ 34.Qxg5 hxg5 35.Ne2 Na5 36.Kg3 Rb3
37.Kf2 Kf8 38.Ra1 Ke7 39.Rg1 Kf6 40.Ng3 Rb2+ 41.Ne2 Nb3 {#R} 0-1

[Event "It (cat.2)"]
[Site "masterchessopen.com Chern (Russia)"]
[Date "2012.03.19"]
[Round "4"]
[White "Biriukov Ilja (RUS)"]
[Black "Katkov Sergey (RUS)"]
[Result "1-0"]
[WhiteElo "2409"]
[BlackElo "1984"]

1.d4 Nf6 2.c4 e6 3.Nc3 Bb4 4.f3 d5 5.a3 Bxc3+ 6.bxc3 c5 7.cxd5 Nxd5 8.dxc5 Qa5
9.e4 Nc7 10.Qd4 O-O 11.Qb4 Nc6 12.Qxa5 Nxa5 13.Bf4 Ne8 14.Rd1 b6 15.Nh3 bxc5
16.Be3 Nb7 17.Nf4 Ned6 18.Ba6 h6 19.Kf2 Rd8 20.g4 e5 21.Nd5 f6 22.h4 Kf7 23.g5
h5 24.Rhg1 Be6 25.g6+ Kf8 26.Nc7 Ke7 27.Nxa8 Rxa8 28.Rb1 Bc8 29.Rgd1 c4 30.Rd5
Rb8 31.Bc5 {#r} 1-0

[Event "Ch Greece (team)"]
[Site "masterchessopen.com Achaea (Greece)"]
[Date "2012.06.30"]
[Round "1"]
[White "Papadakis Georgios D (GRE)"]
[Black "Stamos Filippos (GRE)"]
[Result "0-1"]
[WhiteElo "1563"]
[BlackElo "1966"]

1.d4 Nf6 2.c4 e6 3.Nc3 Bb4 4.a3 Bxc3+ 5.bxc3 c5 6.f3 d5 7.cxd5 Nxd5 8.Qd2 Qa5
9.c4 Qxd2+ 10.Bxd2 Ne7 11.e3 O-O 12.Bd3 Rd8 13.Ne2 Nbc6 14.Bc3 b6 15.O-O Ba6
16.Rac1 Rd6 17.Rfd1 Rad8 18.Bb2 Ne5 19.Ng3 Nxd3 20.Rxd3 Nc6 21.Ne2 Na5 22.Rdc3
Rc6 23.f4 cxd4 24.Nxd4 Rxc4 25.Nc6 Rxc6 26.Rxc6 Nxc6 27.Rxc6 Rd1+ 28.Kf2 Rd2+
29.Kf3 Bb7 {#R} 0-1

[Event "It (open)"]
[Site "masterchessopen.com Rethymno (Greece)"]
[Date "2012.07.07"]
[Round "1"]
[White "Kelires Andreas (CYP)"]
[Black "David Alberto (LUX)"]
[Result "0-1"]
[WhiteElo "1965"]
[BlackElo "2605"]

1.d4 Nf6 2.c4 e6 3.Nc3 Bb4 4.a3 Bxc3+ 5.bxc3 c5 6.f3 d5 7.cxd5 exd5 8.e3 c4
9.Ne2 Nc6 10.Ng3 Na5 11.Be2 Nb3 12.Ra2 Qa5 13.Qc2 Bd7 14.O-O Ba4 15.Qb2 O-O
16.e4 Nd7 17.Nf5 Nb6 18.Nd6 Bc6 19.Qc2 Rad8 20.e5 Na4 21.Bb2 b5 22.f4 Rxd6
23.exd6 Qd8 24.Bc1 Re8 25.f5 Qxd6 26.Bf4 Qd8 27.Rf3 Re4 28.Bf1 Qe7 29.Qf2 f6
30.Rh3 Bd7 31.g4 h6 32.Re2 Qxa3 33.Rxe4 dxe4 34.Qe3 Bc6 35.Bxh6 Qe7 36.Bf4 Nb6
37.Qg3 Nd5 38.Bd6 Qd7 39.Ba3 Nd2 40.Be2 Qe8 41.Rh5 e3 42.Bb4 Nxb4 43.cxb4 c3
44.Qh4 Qe4 {#R} 0-1

[Event "Ch Montenegro"]
[Site "masterchessopen.com Cetinje (Montenegro)"]
[Date "2012.07.10"]
[Round "4"]
[White "Kisic Bozidar (MNE)"]
[Black "Draskovic Luka (MNE)"]
[Result "0-1"]
[WhiteElo "2054"]
[BlackElo "2232"]

1.d4 Nf6 2.c4 e6 3.Nc3 Bb4 4.a3 Bxc3+ 5.bxc3 c5 6.f3 d5 7.cxd5 Nxd5 8.dxc5 Qa5
9.e4 Ne7 10.Be3 O-O 11.Qb3 Qc7 12.Nh3 Nd7 13.Bb5 Nxc5 14.Qc4 b6 15.Bxc5 bxc5
16.O-O e5 17.Nf2 Be6 18.Qe2 c4 19.Rab1 Qc5 20.Ba6 Rab8 21.a4 Qc6 22.Bb5 Qc8
23.a5 Qc5 24.Ba4 Qxa5 25.Qc2 h5 26.Ra1 Qc5 27.Rfd1 Rfd8 28.Rxd8+ Rxd8 29.Rd1
Rxd1+ 30.Qxd1 Qe3 31.Kf1 Ng6 32.Qe1 Qg5 33.Nd1 Qd8 34.g3 h4 35.Ne3 Qb6 36.Ke2
hxg3 37.hxg3 Qa5 38.Bc2 Ne7 39.Qd2 Qc7 40.Qd1 Nc8 41.Qa1 Nd6 42.f4 f6 43.f5
Bf7 44.g4 Nb5 45.Kf3 Qc5 46.Qe1 Qa3 47.Nd1 Nd4+ 48.Kg2 Nxc2 49.Qd2 {#R} 0-1

[Event "It (open)"]
[Site "masterchessopen.com Kavala (Greece)"]
[Date "2012.07.28"]
[Round "5"]
[White "Papaioannou Ioannis (GRE)"]
[Black "Aswin Jayaram (IND)"]
[Result "1-0"]
[WhiteElo "2597"]
[BlackElo "2476"]

1.d4 Nf6 2.c4 e6 3.Nc3 Bb4 4.a3 Bxc3+ 5.bxc3 c5 6.f3 d5 7.cxd5 Nxd5 8.Qd2 Qa5
9.e4 Qxc3 10.Rb1 Qxd2+ 11.Bxd2 Ne7 12.dxc5 Nd7 13.Bb5 b6 14.cxb6 axb6 15.Ne2
Ba6 16.Nc3 Bxb5 17.Nxb5 O-O 18.Bb4 Nc5 19.O-O Nc6 20.Rfd1 Rfd8 21.Rxd8+ Nxd8
22.Nd6 Nd3 23.Rd1 Nxb4 24.axb4 b5 25.Rc1 Rb8 26.f4 f6 27.Rc5 Kf8 28.e5 fxe5
29.fxe5 Nf7 30.Ne4 Ke8 31.Rc7 Kf8 32.Nc5 Nxe5 33.Nxe6+ Kg8 34.Rxg7+ Kh8 35.Rc7
Nd3 36.Nc5 Nxb4 37.Nd7 Na6 38.Ra7 Rd8 39.Nf6 Rd1+ 40.Kf2 Rd2+ 41.Ke1 {#r} 1-0

[Event "Ch Europe (juniors) (under 12) (g)"]
[Site "masterchessopen.com Prague (Czech Republic)"]
[Date "2012.08.21"]
[Round "5"]
[White "Feofilova Elizaveta"]
[Black "Marjanovics Annamaria"]
[Result "0-1"]
[WhiteElo "1748"]
[BlackElo "1881"]

1.d4 Nf6 2.c4 e6 3.Nc3 Bb4 4.f3 d5 5.a3 Bxc3+ 6.bxc3 c5 7.cxd5 Nxd5 8.Qd2 cxd4
9.cxd4 f5 10.Nh3 Nc6 11.e4 fxe4 12.fxe4 Nf6 13.e5 Ne4 14.Qf4 Qxd4 15.Be2 Rf8
16.Bh5+ g6 17.Qh6 Qxa1 18.Bxg6+ hxg6 19.Qxg6+ Kd8 20.Ke2 Qxe5 21.Be3 Qb2+
22.Kd1 Nc3+ 23.Ke1 Qe2# 0-1

[Event "Ch Europe (juniors) (under 12) (g)"]
[Site "masterchessopen.com Prague (Czech Republic)"]
[Date "2012.08.22"]
[Round "6"]
[White "Feofilova Elizaveta"]
[Black "Milovanova Maria"]
[Result "1-0"]
[WhiteElo "1748"]
[BlackElo "1892"]

1.d4 Nf6 2.c4 e6 3.Nc3 Bb4 4.f3 d5 5.a3 Bxc3+ 6.bxc3 c5 7.cxd5 Nxd5 8.dxc5 f5
9.c4 Qf6 10.Bg5 Qxg5 11.cxd5 Qf6 12.Rc1 O-O 13.d6 Qb2 14.e3 Qxa3 15.Qd2 Rd8
16.Bc4 b6 17.d7 Bxd7 18.Bxe6+ Kh8 19.Ne2 Na6 20.Bxd7 Nxc5 21.O-O Rxd7 22.Nd4
Re8 23.Rc3 Qa4 24.Qb2 Rd5 25.Ra1 Qd7 26.Rca3 Qe7 27.Qc3 a6 28.Qc4 Qd7 29.Qb4
b5 30.Rc1 Na4 31.Qb3 f4 32.Qb4 fxe3 33.Rxe3 h6 34.Rc7 {#r} 1-0

[Event "It (open)"]
[Site "masterchessopen.com Nikea (Greece)"]
[Date "2012.08.29"]
[Round "5"]
[White "Drakoulakos Grigorios (GRE)"]
[Black "Mouratidis Haralambos (GRE)"]
[Result "1-0"]
[WhiteElo "1736"]
[BlackElo "1858"]

1.d4 Nf6 2.c4 e6 3.Nc3 Bb4 4.f3 d5 5.a3 Bxc3+ 6.bxc3 c5 7.cxd5 exd5 8.e3 c4
9.Bd2 O-O 10.Kf2 Bf5 11.g3 Nc6 12.h4 h5 13.Nh3 Bxh3 14.Bxh3 g6 15.Qc2 Na5
16.Rae1 Nb3 17.Bc1 Nxc1 18.Qxc1 Re8 19.Re2 Re7 20.Rhe1 Qe8 21.Qc2 a5 22.e4
dxe4 23.fxe4 Ra6 24.e5 Ng4+ 25.Bxg4 hxg4 26.Qe4 f5 27.Qd5+ Qf7 28.Qxf7+ Kxf7
29.d5 Re8 30.Rd2 Ke7 31.Rd4 Rc8 32.Rb1 b6 33.Ke3 Rc5 34.d6+ Kd7 35.e6+ Kd8
36.Kf4 b5 37.Re1 Ra8 38.Kg5 Rc6 39.Kf6 b4 40.Kf7 bxc3 41.d7 c2 42.e7+ Kc7
43.e8=Q Rxe8 44.dxe8=Q {#r} 1-0

[Event "It (open)"]
[Site "masterchessopen.com Steyr (Austria)"]
[Date "2012.09.02"]
[Round "7"]
[White "Sandhoefner Florian (AUT)"]
[Black "Blasl Dietmar (AUT)"]
[Result "1-0"]
[WhiteElo "2228"]
[BlackElo "2070"]

1.d4 Nf6 2.c4 e6 3.Nc3 Bb4 4.f3 d5 5.a3 Bxc3+ 6.bxc3 c5 7.cxd5 Nxd5 8.dxc5 Qa5
9.e4 Nf6 10.Be3 O-O 11.Qb3 Nfd7 12.Qb4 Qc7 13.a4 Nc6 14.Qa3 f5 15.exf5 Nde5
16.Nh3 exf5 17.Be2 Re8 18.O-O Ng6 19.Bc4+ Kh8 20.Bd4 Be6 21.Bxe6 Rxe6 22.Qb3
Re7 23.Rfe1 Rae8 24.Rxe7 Qxe7 25.Rb1 Nxd4 26.cxd4 Qh4 27.Qd1 Qe7 28.Qd2 h6
29.Nf4 Nh4 30.Kf2 g5 31.Nd5 Qf7 32.Nc3 Qc7 33.g3 Kg7 34.Nb5 Qd7 35.gxh4 Re7
36.hxg5 Qd5 37.gxh6+ Kh7 38.Nc3 Qc4 39.Rg1 {#r} 1-0

[Event "Cup R.Nezhmetdinov (open)"]
[Site "masterchessopen.com Kazan (Russia)"]
[Date "2012.09.29"]
[Round "4"]
[White "Smirnov Alexey (RUS)"]
[Black "Severina Maria (RUS)"]
[Result "1-0"]
[WhiteElo "2419"]
[BlackElo "2173"]

1.d4 Nf6 2.c4 e6 3.Nc3 Bb4 4.f3 d5 5.a3 Bxc3+ 6.bxc3 c5 7.cxd5 exd5 8.e3 Qc7
9.Bb5+ Bd7 10.Bxd7+ Nbxd7 11.Ne2 O-O 12.O-O Rfe8 13.Ng3 Rac8 14.Ra2 Nb6 15.Re2
Qc6 16.Qd3 cxd4 17.cxd4 Qc3 18.Qd1 Nc4 19.e4 Re6 20.e5 Nd7 21.f4 Rec6 22.Nf5
Kf8 23.a4 Qa1 24.Bd2 Qb2 25.Ba5 Qa3 26.Rf3 Nxa5 27.Rxa3 Rc1 28.Ra1 Rxd1+
29.Rxd1 Nc4 30.Nd6 Rc7 31.Rc1 a5 32.Nxc4 dxc4 33.Rb2 Ke7 34.d5 Rc5 35.d6+ Ke6
36.Rxb7 f6 37.f5+ {#r} 1-0

[Event "Ch Buryatia"]
[Site "masterchessopen.com Ulan Ude (Russia)"]
[Date "2012.09.30"]
[Round "9"]
[White "Samdanov Samdan (RUS)"]
[Black "Angarov Dmitriy (RUS)"]
[Result "1-0"]
[WhiteElo "2221"]
[BlackElo "1912"]

1.d4 Nf6 2.c4 e6 3.Nc3 Bb4 4.f3 d5 5.a3 Bxc3+ 6.bxc3 c5 7.cxd5 exd5 8.e3 Bf5
9.Bb5+ Nc6 10.Ne2 O-O 11.dxc5 Qa5 12.a4 a6 13.Bxc6 bxc6 14.Kf2 Nd7 15.Nd4 Bg6
16.Nxc6 Qxc3 17.Ba3 Rfe8 18.Qd4 Qc2+ 19.Kg3 Nf6 20.h3 Ne4+ 21.fxe4 Rxe4 22.Qb2
Rxe3+ 23.Kh2 Qxa4 24.Qd4 Qb3 25.Bb2 f6 26.Ra3 Rxh3+ 27.gxh3 Qc2+ 28.Kg3 Re8
29.Rh2 Qf5 30.Qf4 Qd7 31.Nd4 Re4 32.Qb8+ Be8 33.Re2 {#r} 1-0